书目信息 |
| 题名: |
地下铁道工程施工及验收规范GB50299-1999
|
|
| 作者: | 北京城乡建设委员 主编 | |
| 分册: | ||
| 出版信息: | 北京 中国计划出版社主编 1999.09 |
|
| 页数: | 373页 | |
| 开本: | 32开 | |
| 丛书名: | 中华人民共和国国家标准 | |
| 单 册: | ||
| 中图分类: | U215-65 | |
| 科图分类: | ||
| 主题词: | 铁路线路--铁路工程 | |
| 电子资源: | ||
| ISBN: | ||
| 000 | 00749nam0 2200217 45 | |
| 001 | 0009181168 | |
| 005 | 20230529172303.83 | |
| 010 | @d49.00元 | |
| 100 | @a20000918d1999 km y0chiy0120 ea | |
| 101 | 0 | @achi |
| 105 | @a z 000yy | |
| 200 | 1 | @a地下铁道工程施工及验收规范GB50299-1999@Adi xia tie dao gong cheng shi gong ji yan shou gui fan GB50299-1999@f北京城乡建设委员主编@FBei Jing Cheng Xiang Jian She Wei Yuan Zhu Bian |
| 210 | @a北京@c中国计划出版社主编@d1999.09 | |
| 215 | @a373页@d32开 | |
| 225 | 2 | @a中华人民共和国国家标准 |
| 410 | 0 | @12001 @a中华人民共和国国家标准 |
| 606 | 0 | @a铁路线路@x铁路工程 |
| 690 | @aU215-65@v3 | |
| 701 | 0 | @a北京城乡建设委员@4主编 |
| 801 | @aCN@bPftUser@c20000918 | |
| 905 | @b146790-794@dU215-65@eB:785@f5 | |
| 地下铁道工程施工及验收规范GB50299-1999/北京城乡建设委员主编.-北京:中国计划出版社主编,1999.09 |
| 373页;32开.-(中华人民共和国国家标准) |
| ISBN :49.00元 |
| ● |
| 相关链接 |
|
|
|
正题名:地下铁道工程施工及验收规范GB50299-1999
索取号:U215-65/B:785
 
预约/预借
| 序号 | 登录号 | 条形码 | 馆藏地/架位号 | 状态 | 备注 |
| 1 | 146790 | 201467901 | 自科二线504/504自科库 44排5列4层/ [索取号:U215-65/B:785] | 在馆 | |
| 2 | 146791 | 201467910 | 自科二线504/504自科库 43排6列4层/ [索取号:U215-65/B:785] | 在馆 | |
| 3 | 146792 | 201467929 | 自科二线504/504自科库 44排5列4层/ [索取号:U215-65/B:785] | 在馆 | |
| 4 | 146793 | 201467938 | 自科二线504/504自科库 44排5列4层/ [索取号:U215-65/B:785] | 在馆 | |
| 5 | 146794 | 201467947 | 土木与交通工程学院资料室/201建筑库 46排7列5层/ [索取号:U215-65/B:785] | 在馆 |